[Event "27. ekipno prvenstvo RH"]
[Site "Biograd na Moru"]
[Date "2018.09.14"]
[Round "7.36"]
[White "Kovacevic, Blazimir"]
[Black "Zelcic, Robert"]
[Result "1/2-1/2"]
[WhiteElo "2494"]
[BlackElo "2520"]
[PlyCount "147"]
[EventDate "2018.??.??"]
[WhiteTeam "ŠK Liburnija, Rijeka"]
[BlackTeam "ŠK Zagreb, Zagreb"]

1. Nf3 Nf6 2. g3 d5 3. Bg2 c5 4. O-O e6 5. d3 Nc6 6. Nbd2 Be7 7. e4 O-O 8. Re1
Qc7 9. exd5 exd5 10. d4 cxd4 11. Nb3 Bg4 12. Nbxd4 Nxd4 13. Qxd4 Bc5 14. Qf4
Qb6 15. Ne5 Rfe8 16. Bd2 Bd6 17. Bc3 Qc7 18. Qd4 Bf5 19. Nd3 Be4 20. Qa4 Qc4
21. Qb3 Bxg2 22. Kxg2 Ne4 23. Qxb7 Reb8 24. Qd7 Rd8 25. Qf5 g6 26. Qf3 Nxc3 27.
bxc3 Qxc3 28. Rab1 Qc6 29. Ne5 Bxe5 30. Rxe5 Rd6 31. Rd1 Rad8 32. Rd4 Rf6 33.
Qd3 Rc8 34. Rexd5 Qxc2 35. Qxc2 Rxc2 36. Rd2 Rxd2 37. Rxd2 Ra6 38. h4 h5 39.
Kf3 Ra4 40. Rc2 Kg7 41. Rd2 Kf6 42. Rc2 Ke5 43. Rc5+ Kd6 44. Rc2 Kd5 45. Re2
Kd6 46. Rc2 a5 47. Rb2 Kc6 48. Ke3 Kd5 49. Rb5+ Ke6 50. Rb2 Kd5 51. Rb5+ Kc6
52. Rb2 Rc4 53. Rb8 Rg4 54. Kf3 Kd6 55. Rb6+ Ke7 56. Rb7+ Kf8 57. Rb5 Ra4 58.
Rb2 Kg7 59. Rc2 Kf6 60. Rb2 Rc4 61. Rb6+ Kg7 62. Rb5 Rc3+ 63. Kf4 Ra3 64. Rb2
f6 65. f3 Ra4+ 66. Ke3 Kh6 67. Rb6 f5 68. Rb2 Rc4 69. Rd2 Kg7 70. Rd4 Rc3+ 71.
Rd3 Rc4 72. Rd4 Rc3+ 73. Rd3 Rc4 74. Rd4 1/2-1/2

[Event "27. ekipno prvenstvo RH"]
[Site "Biograd na Moru"]
[Date "2018.09.14"]
[Round "7.41"]
[White "Movsesian, Sergei"]
[Black "Hracek, Zbynek"]
[Result "1/2-1/2"]
[WhiteElo "2645"]
[BlackElo "2557"]
[PlyCount "22"]
[EventDate "2018.??.??"]

1. e4 e5 2. Nf3 Nc6 3. Nc3 Nf6 4. Bb5 Bb4 5. O-O O-O 6. d3 Bxc3 7. bxc3 d6 8.
Bg5 Qe7 9. Re1 Nd8 10. d4 Ne6 11. Bc1 c5 1/2-1/2

[Event "27. ekipno prvenstvo RH"]
[Site "Biograd na Moru"]
[Date "2018.09.14"]
[Round "7.51"]
[White "Postny, Evgeny"]
[Black "Bosiocic, Marin"]
[Result "0-1"]
[WhiteElo "2621"]
[BlackElo "2600"]
[PlyCount "120"]
[EventDate "2018.??.??"]

1. d4 Nf6 2. c4 e6 3. Nf3 d5 4. g3 Bb4+ 5. Bd2 Be7 6. Bg2 O-O 7. O-O c6 8. Qc2
Nbd7 9. Bf4 b6 10. cxd5 cxd5 11. Rc1 Bb7 12. Qb3 Rc8 13. Rxc8 Qxc8 14. Nc3 a6
15. Rc1 Qa8 16. Ne5 Rc8 17. Bg5 Nxe5 18. dxe5 d4 19. exf6 Bxf6 20. Bxf6 gxf6
21. Qxb6 Bxg2 22. Qxd4 Bh3 23. f3 Qb8 24. Rc2 Rd8 25. Qe3 Qd6 26. Kf2 Bf5 27.
Rc1 Qb8 28. b3 h5 29. Rd1 Rc8 30. Rd4 Kg7 31. Ne4 h4 32. Nd6 hxg3+ 33. hxg3 Rh8
34. Kg2 Bh3+ 35. Kg1 e5 36. Rd2 Be6 37. Ne4 Qg8 38. Qf2 Qh7 39. Qg2 Bf5 40. Nf2
Qh6 41. f4 Be6 42. e3 Qh5 43. g4 Qh4 44. f5 Bc8 45. Kf1 a5 46. Qc6 e4 47. Ke2
Qh2 48. Kd1 Qg1+ 49. Kc2 Qa1 50. Nxe4 Qxa2+ 51. Kc3 Qa1+ 52. Kc4 Qe5 53. Rd4
Rh1 54. Qd6 Bb7 55. Nc5 Ba6+ 56. Qxa6 Rc1+ 57. Kd3 Qxc5 58. Ke4 Qe5+ 59. Kd3
Qh2 60. e4 Qg3+ 0-1

[Event "27. ekipno prvenstvo RH"]
[Site "Biograd na Moru"]
[Date "2018.09.14"]
[Round "7.52"]
[White "Beliavsky, Alexander G"]
[Black "Pikula, Dejan"]
[Result "1/2-1/2"]
[WhiteElo "2540"]
[BlackElo "2469"]
[PlyCount "39"]
[EventDate "2018.??.??"]
[WhiteTeam "ŠK Rijeka, Rijeka"]
[BlackTeam "ŠK Sljeme-Agroproteinka, Sesvete"]

1. Nf3 Nf6 2. c4 e6 3. g3 d5 4. Bg2 Be7 5. d4 O-O 6. O-O c6 7. b3 Nbd7 8. Bb2
b6 9. Nc3 Bb7 10. Qc2 Rc8 11. Rad1 Ba6 12. Nd2 b5 13. Rfe1 bxc4 14. bxc4 dxc4
15. Nce4 Nxe4 16. Nxe4 Qa5 17. Bc3 Qa3 18. Bb2 Qa5 19. Bc3 Qa3 20. Bb2 1/2-1/2

[Event "27. ekipno prvenstvo RH"]
[Site "Biograd na Moru"]
[Date "2018.09.14"]
[Round "7.53"]
[White "Jovanovic, Zoran"]
[Black "Sebenik, Matej"]
[Result "1/2-1/2"]
[WhiteElo "2540"]
[BlackElo "2570"]
[PlyCount "37"]
[EventDate "2018.??.??"]

1. e4 c5 2. Nc3 g6 3. d4 cxd4 4. Qxd4 Nf6 5. Nf3 Nc6 6. Qa4 d6 7. e5 dxe5 8.
Nxe5 Bg7 9. Nxc6 bxc6 10. Ba6 O-O 11. Bxc8 Qxc8 12. O-O Nd5 13. Ne4 Nb6 14. Qb3
Qf5 15. Re1 Rfd8 16. c3 Rd7 17. Be3 Qxe4 18. Bxb6 Qd5 19. Be3 1/2-1/2

[Event "27. ekipno prvenstvo RH"]
[Site "Biograd na Moru"]
[Date "2018.09.14"]
[Round "7.54"]
[White "Tica, Sven"]
[Black "Bukal, Vladimir Jr"]
[Result "1-0"]
[WhiteElo "2442"]
[BlackElo "2380"]
[PlyCount "73"]
[EventDate "2018.??.??"]
[WhiteTeam "ŠK Rijeka, Rijeka"]
[BlackTeam "ŠK Sljeme-Agroproteinka, Sesvete"]

1. d4 e6 2. g3 f5 3. Bg2 Nf6 4. c4 d5 5. Nh3 Bd6 6. O-O O-O 7. Bf4 Be7 8. Qc2
Nc6 9. Rd1 Nb4 10. Qc1 dxc4 11. Qxc4 Nbd5 12. Be5 c6 13. Nf4 a5 14. Nd2 Ng4 15.
Nd3 Qe8 16. Nf3 b6 17. Rac1 Bb7 18. Nf4 Nxe5 19. Nxe5 Bd6 20. Nfd3 Rc8 21. Qb3
c5 22. Nc4 a4 23. Qa3 Be7 24. Bxd5 Bxd5 25. Nxb6 c4 26. Nc5 Rb8 27. Nxd5 exd5
28. Qxa4 Rxb2 29. Qa3 Rxe2 30. Qf3 Bg5 31. Qxd5+ Kh8 32. Rxc4 Rxf2 33. Kxf2
Qe3+ 34. Kf1 f4 35. g4 Bh4 36. Rc2 Re8 37. Kg2 1-0

[Event "27. ekipno prvenstvo RH"]
[Site "Biograd na Moru"]
[Date "2018.09.14"]
[Round "7.55"]
[White "Dutina, Dario"]
[Black "Golubovic, Boris"]
[Result "1/2-1/2"]
[WhiteElo "2245"]
[BlackElo "2386"]
[PlyCount "39"]
[EventDate "2018.??.??"]

1. e4 c6 2. Bc4 d5 3. Bb3 e6 4. d4 dxe4 5. Nc3 Nf6 6. Bg5 Be7 7. Nge2 Nbd7 8.
Ng3 b6 9. Ncxe4 Nxe4 10. Bxe7 Qxe7 11. Nxe4 Bb7 12. O-O O-O 13. Qe2 c5 14. Rad1
Rad8 15. c3 cxd4 16. Rxd4 Bxe4 17. Rxe4 Nc5 18. Re3 Nxb3 19. axb3 a5 20. Rd1
1/2-1/2

[Event "27. ekipno prvenstvo RH"]
[Site "Biograd na Moru"]
[Date "2018.09.14"]
[Round "7.56"]
[White "Petrov, Jole"]
[Black "Bozinovic, Bogdan"]
[Result "1-0"]
[WhiteElo "2397"]
[BlackElo "2229"]
[PlyCount "75"]
[EventDate "2018.??.??"]
[WhiteTeam "ŠK Rijeka, Rijeka"]
[BlackTeam "ŠK Sljeme-Agroproteinka, Sesvete"]

1. Nf3 c5 2. c4 Nf6 3. Nc3 e6 4. g3 b6 5. Bg2 Bb7 6. O-O Be7 7. Re1 Ne4 8. Nxe4
Bxe4 9. d3 Bb7 10. e4 O-O 11. d4 cxd4 12. Nxd4 d6 13. Be3 Nd7 14. Qc2 Qc7 15.
Rac1 Rac8 16. b3 Qb8 17. a4 Nf6 18. Bd2 d5 19. exd5 Bxd5 20. Bxd5 Nxd5 21. Qe4
Nf6 22. Qf3 Rfd8 23. Bc3 Qc7 24. Nb5 Qb8 25. a5 bxa5 26. Bxa5 Rd7 27. Red1 a6
28. Nd4 Bc5 29. Nc2 h6 30. b4 Be7 31. c5 Nd5 32. Ne3 Qb7 33. Kg2 Bg5 34. Nc4
Bxc1 35. Rxc1 Nxb4 36. Qxb7 Rxb7 37. Nd6 Nd3 38. Rc3 1-0

[Event "27. ekipno prvenstvo RH"]
[Site "Biograd na Moru"]
[Date "2018.09.15"]
[Round "8.11"]
[White "Ponkratov, Pavel"]
[Black "Bosiocic, Marin"]
[Result "1-0"]
[WhiteElo "2622"]
[BlackElo "2600"]
[PlyCount "69"]
[EventDate "2018.??.??"]
[WhiteTeam "GŠK Solin-Cemex, Solin"]
[BlackTeam "ŠK Rijeka, Rijeka"]

1. d4 Nf6 2. c4 e6 3. Nf3 b6 4. g3 Ba6 5. Qc2 Bb7 6. Bg2 Be7 7. Nc3 d5 8. cxd5
exd5 9. O-O Na6 10. Qa4+ Qd7 11. Qb3 O-O 12. Ne5 Qe6 13. Bg5 Rad8 14. f4 c5 15.
Nb5 h6 16. f5 Qc8 17. Nxa7 Qa8 18. Bxf6 Bxf6 19. Nb5 h5 20. Qf3 cxd4 21. Nd3
Nc5 22. Nf4 Qa4 23. Qxh5 Rfe8 24. Ng6 fxg6 25. fxg6 Rd7 26. Qh7+ Kf8 27. Rxf6+
gxf6 28. g7+ Rxg7 29. Qh8+ Kf7 30. Nd6+ Ke7 31. Nf5+ Kd8 32. Qxg7 Re6 33. h4
Qb4 34. h5 Qxb2 35. Rf1 1-0

[Event "27. ekipno prvenstvo RH"]
[Site "Biograd na Moru"]
[Date "2018.09.15"]
[Round "8.13"]
[White "Martinovic, Sasa"]
[Black "Sebenik, Matej"]
[Result "1-0"]
[WhiteElo "2567"]
[BlackElo "2570"]
[PlyCount "71"]
[EventDate "2018.??.??"]
[WhiteTeam "GŠK Solin-Cemex, Solin"]
[BlackTeam "ŠK Rijeka, Rijeka"]

1. d4 e6 2. c4 Nf6 3. Nc3 Bb4 4. e3 c5 5. Nge2 cxd4 6. exd4 d5 7. a3 Be7 8. Nf4
dxc4 9. Bxc4 Nc6 10. Be3 O-O 11. O-O Bd6 12. Nh5 Nd5 13. Ba2 Nxc3 14. bxc3 e5
15. Rb1 Bf5 16. Rb5 Qc8 17. h3 a6 18. Rd5 Bxa3 19. dxe5 Ne7 20. Rd2 Bc5 21. Qf3
Be6 22. Bh6 gxh6 23. Qf6 Nf5 24. Rd3 Re8 25. Bb1 Bf8 26. Rf3 Ne7 27. Rg3+ Ng6
28. f4 Bc4 29. f5 Qc5+ 30. Rf2 Re7 31. fxg6 fxg6 32. Bxg6 hxg6 33. Qxg6+ Kh8
34. Qf6+ Kh7 35. Qg6+ Kh8 36. Nf6 1-0

[Event "27. ekipno prvenstvo RH"]
[Site "Biograd na Moru"]
[Date "2018.09.15"]
[Round "8.14"]
[White "Tica, Sven"]
[Black "Cvitan, Ognjen"]
[Result "0-1"]
[WhiteElo "2442"]
[BlackElo "2489"]
[PlyCount "80"]
[EventDate "2018.??.??"]
[WhiteTeam "ŠK Rijeka, Rijeka"]
[BlackTeam "GŠK Solin-Cemex, Solin"]

1. d4 Nf6 2. c4 e6 3. g3 c5 4. d5 exd5 5. cxd5 d6 6. Nc3 g6 7. Bg2 Bg7 8. Nf3
O-O 9. O-O Re8 10. Bf4 Na6 11. Re1 Bf5 12. Nh4 Bd7 13. a4 Ng4 14. Nf3 c4 15. h3
Ne5 16. Nd2 Rc8 17. Be3 f5 18. Nb5 Bxb5 19. axb5 Nc5 20. Ra3 Qd7 21. Qc2 Qxb5
22. Rxa7 Qb4 23. Rd1 Ned7 24. Qxc4 Qxb2 25. Rb1 Qf6 26. Qf4 Ra8 27. Rxa8 Rxa8
28. Rb4 Qc3 29. Qc4 Ra1+ 30. Bf1 Rd1 31. Nf3 Qa1 32. Nh2 Bc3 33. Bxc5 Nxc5 34.
Qb5 Kf7 35. Rh4 Rb1 36. Qc4 Rb4 37. Qxb4 Bxb4 38. Rxb4 Qa5 39. Rb1 b5 40. e4
Qa2 0-1

[Event "27. ekipno prvenstvo RH"]
[Site "Biograd na Moru"]
[Date "2018.09.15"]
[Round "8.15"]
[White "Kurajica, Bojan"]
[Black "Golubovic, Boris"]
[Result "0-1"]
[WhiteElo "2526"]
[BlackElo "2386"]
[PlyCount "70"]
[EventDate "2018.??.??"]
[WhiteTeam "GŠK Solin-Cemex, Solin"]
[BlackTeam "ŠK Rijeka, Rijeka"]

1. d4 d5 2. e3 Nf6 3. g3 Nc6 4. Bg2 e5 5. Ne2 Bf5 6. h3 h5 7. a3 Qd7 8. c3 Bd6
9. Nd2 O-O-O 10. b4 Kb8 11. Nb3 Be4 12. f3 Bf5 13. Nc5 Qc8 14. Bd2 Rhe8 15. Qa4
Nd7 16. Nxd7+ Qxd7 17. Kf2 e4 18. b5 Ne7 19. c4 exf3 20. Bxf3 h4 21. g4 Bd3 22.
c5 Bxb5 23. Qc2 Bg3+ 24. Nxg3 hxg3+ 25. Kxg3 Ng8 26. g5 f6 27. h4 fxg5 28. hxg5
Rf8 29. Bg4 Qf7 30. Rh2 Ne7 31. Rb1 Bd7 32. Be2 Bf5 33. Qb3 Bxb1 34. Qxb1 Nf5+
35. Kg2 Qg6 0-1

[Event "27. ekipno prvenstvo RH"]
[Site "Biograd na Moru"]
[Date "2018.09.15"]
[Round "8.16"]
[White "Petrov, Jole"]
[Black "Rogic, Davor"]
[Result "0-1"]
[WhiteElo "2397"]
[BlackElo "2519"]
[PlyCount "92"]
[EventDate "2018.??.??"]
[WhiteTeam "ŠK Rijeka, Rijeka"]
[BlackTeam "GŠK Solin-Cemex, Solin"]

1. d4 d5 2. c4 c6 3. Nf3 Nf6 4. Qc2 g6 5. Bf4 Bg7 6. e3 O-O 7. Nc3 Na6 8. a3
Qa5 9. Be5 Bf5 10. Qb3 dxc4 11. Bxc4 b5 12. Be2 Qb6 13. O-O Nc7 14. a4 a6 15.
Rfc1 Be6 16. Qc2 Rac8 17. Ng5 Bf5 18. Qb3 Ne6 19. Nf3 Bh6 20. axb5 axb5 21. h3
Ng5 22. Nd2 Qd8 23. Bf4 Nxh3+ 24. gxh3 Bxf4 25. exf4 Qxd4 26. Nf1 Qxf4 27. Ng3
Bxh3 28. Re1 Rfd8 29. Nce4 Be6 30. Qe3 Qxe3 31. fxe3 Nxe4 32. Nxe4 Rd5 33. Bf3
Re5 34. Nc3 b4 35. Na4 c5 36. Rac1 c4 37. e4 Rc6 38. Red1 Ra6 39. Rd8+ Kg7 40.
Bd1 Raa5 41. Rb8 Rxe4 42. Rxb4 Rg5+ 43. Kf2 Rf5+ 44. Kg2 Bd5 45. Nc3 Re2+ 46.
Kg1 Rg2+ 0-1

[Event "27. ekipno prvenstvo RH"]
[Site "Biograd na Moru"]
[Date "2018.09.15"]
[Round "8.21"]
[White "Hracek, Zbynek"]
[Black "Postny, Evgeny"]
[Result "0-1"]
[WhiteElo "2557"]
[BlackElo "2621"]
[PlyCount "110"]
[EventDate "2018.??.??"]
[WhiteTeam "ŠK Ferit- Osijek, Osijek"]
[BlackTeam "ŠK Sljeme-Agroproteinka, Sesvete"]

1. e4 c6 2. d4 d5 3. Nc3 dxe4 4. Nxe4 Bf5 5. Ng3 Bg6 6. Nf3 Nd7 7. Bd3 e6 8.
O-O Ngf6 9. c4 Bd6 10. Re1 O-O 11. Bxg6 hxg6 12. Qc2 Qc7 13. b3 b5 14. c5 Be7
15. Bg5 Rfe8 16. h4 Rad8 17. Rad1 Nf8 18. Ne2 N8h7 19. Bf4 Qc8 20. Bd2 Qb7 21.
g3 Nd5 22. Kg2 Bf6 23. Ne5 Qc7 24. Qe4 Ne7 25. Bf4 Bxe5 26. dxe5 Rxd1 27. Rxd1
Nd5 28. Bc1 Nf8 29. Bb2 Rd8 30. Rh1 Ne7 31. Bc3 a5 32. h5 b4 33. Bd4 Qd7 34.
Be3 Qd5 35. Qxd5 Rxd5 36. f4 gxh5 37. Rxh5 Rd3 38. Bf2 Rd2 39. Nd4 Nd7 40. Rh1
Nxc5 41. Kf3 Rxa2 42. Be3 Ra3 43. Rb1 Nd5 44. Bc1 Ra2 45. Nxc6 Nc3 46. Rb2 Rxb2
47. Bxb2 Nxb3 48. Ke3 Nd5+ 49. Kd3 a4 50. Kc2 Nc5 51. Bd4 Ne4 52. g4 b3+ 53.
Kb2 Nxf4 54. Ka3 Nd3 55. Na5 Nd2 0-1

[Event "27. ekipno prvenstvo RH"]
[Site "Biograd na Moru"]
[Date "2018.09.15"]
[Round "8.22"]
[White "Pikula, Dejan"]
[Black "Leventic, Ivan"]
[Result "1-0"]
[WhiteElo "2469"]
[BlackElo "2411"]
[PlyCount "69"]
[EventDate "2018.??.??"]
[WhiteTeam "ŠK Sljeme-Agroproteinka, Sesvete"]
[BlackTeam "ŠK Ferit- Osijek, Osijek"]

1. c4 e6 2. Nf3 Nf6 3. g3 d5 4. Bg2 Be7 5. O-O O-O 6. d4 c6 7. Nbd2 b6 8. Qc2
Ba6 9. b3 c5 10. Bb2 Nc6 11. dxc5 bxc5 12. e3 Rc8 13. Rad1 Qb6 14. Rfe1 Rfd8
15. a3 Rb8 16. Rb1 h6 17. Ba1 Rbc8 18. Rbc1 Na5 19. cxd5 exd5 20. Nh4 d4 21.
Nf5 Bf8 22. exd4 cxd4 23. Qb2 Rc3 24. b4 Rd3 25. Red1 Qe6 26. Bh3 Kh8 27. bxa5
Bxa3 28. Qb1 Bxc1 29. Qxc1 g6 30. Re1 Qc8 31. Nc4 gxf5 32. Qxh6+ Nh7 33. Ne5
Bc4 34. Nxc4 Rc3 35. Nd6 1-0

[Event "27. ekipno prvenstvo RH"]
[Site "Biograd na Moru"]
[Date "2018.09.15"]
[Round "8.23"]
[White "Zivkovic, Vjekoslav"]
[Black "Jovanovic, Zoran"]
[Result "1/2-1/2"]
[WhiteElo "2358"]
[BlackElo "2540"]
[PlyCount "31"]
[EventDate "2018.??.??"]
[WhiteTeam "ŠK Ferit- Osijek, Osijek"]
[BlackTeam "ŠK Sljeme-Agroproteinka, Sesvete"]

1. e4 g6 2. d4 Bg7 3. Nf3 c6 4. h3 d6 5. Bd3 Nd7 6. O-O e5 7. dxe5 dxe5 8. Be3
Ngf6 9. Nbd2 Qe7 10. c3 O-O 11. b4 Rd8 12. Qc2 Nh5 13. Rfd1 c5 14. Nb3 cxb4 15.
cxb4 Nf8 16. Qc5 1/2-1/2

[Event "27. ekipno prvenstvo RH"]
[Site "Biograd na Moru"]
[Date "2018.09.15"]
[Round "8.26"]
[White "Bozinovic, Bogdan"]
[Black "Jukic, Branimir"]
[Result "0-1"]
[WhiteElo "2229"]
[BlackElo "2377"]
[PlyCount "66"]
[EventDate "2018.??.??"]
[WhiteTeam "ŠK Sljeme-Agroproteinka, Sesvete"]
[BlackTeam "ŠK Ferit- Osijek, Osijek"]

1. d4 Nf6 2. c4 g6 3. Nc3 d5 4. Nf3 Bg7 5. cxd5 Nxd5 6. e4 Nxc3 7. bxc3 c5 8.
Rb1 O-O 9. Be2 cxd4 10. cxd4 Qa5+ 11. Bd2 Qxa2 12. O-O a5 13. Bg5 Qe6 14. Qc2
Na6 15. Bc4 Qd6 16. h3 Nb4 17. Qd2 Qc6 18. Qe2 Qd6 19. Rfd1 b5 20. Bxb5 Bb7 21.
d5 Rfc8 22. e5 Qb6 23. Ba4 Ba6 24. Qe4 Rc4 25. Rd4 Rxd4 26. Nxd4 Rb8 27. Rd1
Nd3 28. Be3 Qb4 29. Bc2 Nc5 30. Qf4 Qc4 31. Nc6 Qxc2 32. Nxb8 Qxd1+ 33. Kh2
Qxd5 0-1

[Event "27. ekipno prvenstvo RH"]
[Site "Biograd na Moru"]
[Date "2018.09.15"]
[Round "8.31"]
[White "Tomashevsky, Evgeny"]
[Black "Movsesian, Sergei"]
[Result "1/2-1/2"]
[WhiteElo "2702"]
[BlackElo "2645"]
[PlyCount "46"]
[EventDate "2018.??.??"]
[WhiteTeam "ŠK Liburnija, Rijeka"]
[BlackTeam "ŠK Đakovo Lim-Mont, Đakovo"]

1. d4 Nf6 2. c4 g6 3. Nc3 Bg7 4. e4 d6 5. Nf3 O-O 6. h3 e5 7. d5 a5 8. Be3 Na6
9. g4 Nd7 10. a3 Nb6 11. Rg1 Bd7 12. h4 Kh8 13. b3 Nc5 14. a4 c6 15. dxc6 Bxc6
16. Bd3 Nbd7 17. Bc2 Nf6 18. Nd2 h5 19. g5 Nh7 20. Nf3 Re8 21. Qd2 Nf8 22.
O-O-O Qb6 23. Kb1 Nfe6 1/2-1/2

[Event "27. ekipno prvenstvo RH"]
[Site "Biograd na Moru"]
[Date "2018.09.15"]
[Round "8.32"]
[White "Nguyen, Thai Dai Van"]
[Black "Saric, Ivan"]
[Result "1/2-1/2"]
[WhiteElo "2537"]
[BlackElo "2689"]
[PlyCount "132"]
[EventDate "2018.??.??"]
[WhiteTeam "ŠK Đakovo Lim-Mont, Đakovo"]
[BlackTeam "ŠK Liburnija, Rijeka"]

1. Nf3 d5 2. d4 Nf6 3. c4 c6 4. Nc3 e6 5. Bg5 h6 6. Bxf6 Qxf6 7. e3 g6 8. Bd3
Bg7 9. O-O O-O 10. Re1 Nd7 11. e4 dxc4 12. e5 Qd8 13. Bxc4 c5 14. Nb5 Nb6 15.
Bf1 cxd4 16. Nd6 Bd7 17. Nxd4 Nc8 18. N4b5 Nxd6 19. Nxd6 Bc6 20. g3 Qe7 21. Bg2
Bxg2 22. Kxg2 Bxe5 23. Rxe5 Rad8 24. Nf5 gxf5 25. Qf3 Qf6 26. Rae1 Rd7 27. Qc3
Kg7 28. Rc5 Rfd8 29. Qxf6+ Kxf6 30. Re2 h5 31. Rec2 Rd2 32. Rc7 Rxc2 33. Rxc2
Rd7 34. Kf3 Rd4 35. Rc7 Rb4 36. b3 a5 37. h4 e5 38. Rc5 b5 39. Rc6+ Kg7 40. Rb6
f6 41. Rb7+ Kg6 42. Rb6 a4 43. bxa4 Rxa4 44. Rxb5 Rxa2 45. Rb4 Ra1 46. Rc4 Rd1
47. Ke2 Rg1 48. Rc8 Ra1 49. Rc4 Ra3 50. Kf1 Rd3 51. Ke2 e4 52. Kf1 f4 53. Rxe4
fxg3 54. Kg2 gxf2 55. Kxf2 Kf5 56. Ra4 Ke5 57. Ra5+ Rd5 58. Ra4 f5 59. Ke3 Rb5
60. Ra3 Rc5 61. Kf3 Rb5 62. Ke3 Rd5 63. Ra4 Rc5 64. Ra3 f4+ 65. Kf3 Kf5 66. Rb3
Rd5 1/2-1/2

[Event "27. ekipno prvenstvo RH"]
[Site "Biograd na Moru"]
[Date "2018.09.15"]
[Round "8.33"]
[White "Markus, Robert"]
[Black "Sertic, Rudolf"]
[Result "1-0"]
[WhiteElo "2613"]
[BlackElo "2366"]
[PlyCount "91"]
[EventDate "2018.??.??"]
[WhiteTeam "ŠK Liburnija, Rijeka"]
[BlackTeam "ŠK Đakovo Lim-Mont, Đakovo"]

1. d4 d5 2. c4 e6 3. Nf3 c5 4. cxd5 exd5 5. g3 Nc6 6. Bg2 Nf6 7. O-O Be7 8.
dxc5 Bxc5 9. a3 O-O 10. b4 Bb6 11. Nc3 Bg4 12. Bb2 Re8 13. Rc1 Qe7 14. h3 Bxf3
15. Bxf3 Rad8 16. Na4 Ne5 17. Bxe5 Qxe5 18. Nxb6 axb6 19. Qd3 h5 20. h4 g6 21.
Rfd1 Rd7 22. e3 Red8 23. Qb5 Qe6 24. Rd4 Ne4 25. Kg2 f5 26. Bd1 Kh7 27. Bb3 Nf6
28. Rcd1 Kg7 29. Qd3 Qc6 30. Kg1 Kh7 31. Qd2 Ne4 32. Qb2 Nf6 33. R4d2 Ne4 34.
Rc2 Qe6 35. Qd4 Qd6 36. Rdc1 Nf6 37. Ba4 Re7 38. Bb5 Ra8 39. Rc8 Rxa3 40. Rf8
Re6 41. Rf7+ Kg8 42. Rxb7 Qf8 43. Rxb6 Rxb6 44. Qxb6 Rb3 45. Rc7 Rxb4 46. Qe6+
1-0

[Event "27. ekipno prvenstvo RH"]
[Site "Biograd na Moru"]
[Date "2018.09.15"]
[Round "8.34"]
[White "Biti, Ozren"]
[Black "Kuljasevic, Davorin"]
[Result "0-1"]
[WhiteElo "2366"]
[BlackElo "2548"]
[PlyCount "44"]
[EventDate "2018.??.??"]
[WhiteTeam "ŠK Đakovo Lim-Mont, Đakovo"]
[BlackTeam "ŠK Liburnija, Rijeka"]

1. e4 e5 2. Nf3 Nc6 3. Bc4 Nf6 4. d3 Be7 5. O-O O-O 6. Re1 d6 7. a4 Kh8 8. h3
Ng8 9. Nc3 f5 10. Nd5 fxe4 11. dxe4 Nf6 12. Ng5 Nxd5 13. Nxh7 Rf4 14. g3 Qe8
15. exd5 Rxc4 16. dxc6 Rxc6 17. Ng5 Qg6 18. h4 Rxc2 19. Ra3 Bxg5 20. hxg5 Bd7
21. g4 Bc6 22. Rd3 Qh7 0-1

[Event "27. ekipno prvenstvo RH"]
[Site "Biograd na Moru"]
[Date "2018.09.15"]
[Round "8.35"]
[White "Jovanic, Ognjen"]
[Black "Medak, Bojan"]
[Result "1-0"]
[WhiteElo "2512"]
[BlackElo "2367"]
[PlyCount "79"]
[EventDate "2018.??.??"]
[WhiteTeam "ŠK Liburnija, Rijeka"]
[BlackTeam "ŠK Đakovo Lim-Mont, Đakovo"]

1. d4 d6 2. Nf3 g6 3. c4 Bg7 4. Nc3 Nc6 5. d5 Ne5 6. Nxe5 Bxe5 7. e4 Bg7 8. Be2
e5 9. O-O Nf6 10. Be3 Qe7 11. b4 h5 12. Bg5 Bh6 13. Bxh6 Rxh6 14. Qd2 Rh8 15.
Rac1 Kf8 16. c5 Kg7 17. Rc2 Bd7 18. cxd6 cxd6 19. Rfc1 Rhc8 20. f3 Qd8 21. Qe3
Qb6 22. Qxb6 axb6 23. Kf2 Kf8 24. Nb1 Rxc2 25. Rxc2 h4 26. Nd2 Ke7 27. Nc4 Ra6
28. Ne3 Ra4 29. Rb2 Nh5 30. Nc4 b5 31. Nb6 Ra3 32. Nxd7 Kxd7 33. Bxb5+ Kc7 34.
g3 hxg3+ 35. hxg3 g5 36. Bc4 Rc3 37. Bb3 Kb6 38. Bd1 g4 39. a4 Nf6 40. Rb3 1-0

[Event "27. ekipno prvenstvo RH"]
[Site "Biograd na Moru"]
[Date "2018.09.15"]
[Round "8.36"]
[White "Filipovic, Marko"]
[Black "Kovacevic, Blazimir"]
[Result "1/2-1/2"]
[WhiteElo "2321"]
[BlackElo "2494"]
[PlyCount "112"]
[EventDate "2018.??.??"]
[WhiteTeam "ŠK Đakovo Lim-Mont, Đakovo"]
[BlackTeam "ŠK Liburnija, Rijeka"]

1. d4 e6 2. c4 b6 3. Nc3 Bb7 4. Nf3 Nf6 5. e3 d5 6. Bd3 Bd6 7. O-O Nbd7 8. Qc2
a6 9. e4 dxc4 10. Bxc4 b5 11. Bd3 e5 12. a4 b4 13. Ne2 O-O 14. Ng3 exd4 15. Nf5
b3 16. Qe2 Nc5 17. Nxd6 cxd6 18. Nxd4 Bxe4 19. Bxe4 Nfxe4 20. f3 Ng5 21. Qe3
Nge6 22. Nxb3 Rb8 23. Nxc5 dxc5 24. Qe2 Qb6 25. Be3 Rfe8 26. Qf2 Qxb2 27. Bxc5
Nxc5 28. Qxc5 Re2 29. Qg5 h6 30. Qg4 Rb6 31. Rae1 Rxe1 32. Rxe1 Rg6 33. Qc8+
Kh7 34. g3 Qd4+ 35. Kf1 Qd3+ 36. Kf2 Rb6 37. Re2 Rb3 38. Qc2 Qxc2 39. Rxc2 Ra3
40. Rc4 Ra2+ 41. Ke3 Rxh2 42. Rc6 Ra2 43. Rxa6 h5 44. Ra7 Kg6 45. a5 Kf6 46. a6
g5 47. Ra8 Kg7 48. Ke4 h4 49. gxh4 gxh4 50. Kf4 Ra4+ 51. Ke3 Ra2 52. Kf4 h3 53.
Rd8 h2 54. Rd1 Rxa6 55. Kg3 Ra2 56. Rh1 Kf6 1/2-1/2

[Event "27. ekipno prvenstvo RH"]
[Site "Biograd na Moru"]
[Date "2018.09.15"]
[Round "8.41"]
[White "Braun, Arik"]
[Black "Malakhov, Vladimir"]
[Result "1/2-1/2"]
[WhiteElo "2581"]
[BlackElo "2666"]
[PlyCount "21"]
[EventDate "2018.??.??"]
[WhiteTeam "ŠK Vukovar '91, Vukovar"]
[BlackTeam "ŠK Zagreb, Zagreb"]

1. d4 d5 2. c4 c6 3. cxd5 cxd5 4. Bf4 Nc6 5. e3 Nf6 6. Nc3 a6 7. Bd3 Bg4 8.
Nge2 e6 9. O-O Bd6 10. f3 Bh5 11. Rc1 1/2-1/2

[Event "27. ekipno prvenstvo RH"]
[Site "Biograd na Moru"]
[Date "2018.09.15"]
[Round "8.42"]
[White "Korobov, Anton"]
[Black "Georgiev, Kiril"]
[Result "1-0"]
[WhiteElo "2685"]
[BlackElo "2590"]
[PlyCount "125"]
[EventDate "2018.??.??"]
[WhiteTeam "ŠK Zagreb, Zagreb"]
[BlackTeam "ŠK Vukovar '91, Vukovar"]

1. d4 Nf6 2. c4 e6 3. Nc3 Bb4 4. e3 c5 5. Bd3 O-O 6. Nf3 d5 7. O-O dxc4 8. Bxc4
Bd7 9. a3 cxd4 10. axb4 dxc3 11. bxc3 Qc7 12. Qe2 Rc8 13. Bd3 e5 14. e4 Be6 15.
Bb2 Nbd7 16. Nd2 a5 17. h3 h6 18. Rfb1 b6 19. Qe3 Qd6 20. Bf1 axb4 21. cxb4
Rxa1 22. Bxa1 Ba2 23. Rb2 Be6 24. Rb1 Ba2 25. Rb2 Be6 26. Qe1 Ra8 27. Rb1 Ba2
28. Nc4 Qe6 29. Rc1 Rc8 30. Ne3 Rxc1 31. Qxc1 Qb3 32. b5 Qa4 33. Nd5 Bxd5 34.
exd5 Qb4 35. Qc6 Qd2 36. d6 g5 37. Bc3 Qd1 38. Bb2 Kg7 39. Bc1 Nc5 40. Be3 Nce4
41. d7 Qxd7 42. Qxb6 Nd5 43. Qa7 Nef6 44. Qxd7 Nxd7 45. Bd2 N7b6 46. g3 f5 47.
f3 Kf6 48. Kf2 Ke6 49. Bc1 f4 50. g4 Nf6 51. Bd3 h5 52. Bf5+ Kd5 53. h4 hxg4
54. hxg5 g3+ 55. Kg1 Ne8 56. Ba3 Nc4 57. Be7 Ng7 58. Be4+ Ke6 59. Bc5 Kd7 60.
b6 Nd2 61. Bd5 e4 62. b7 Nxf3+ 63. Kh1 1-0